NCAA Conference Realignment 2024 - Statistics

General Stats
  • This quiz has been taken 95 times
  • The average score is 14 of 18
Answer Stats
Old Conference Answer New Conference % Correct
Pac-12 Oregon Big 10
98%
Pac-12 Washington Big 10
96%
Pac-12 UCLA Big 10
95%
Pac-12 USC Big 10
95%
Pac-12 Arizona Big 12
94%
Pac-12 Arizona State Big 12
91%
Pac-12 Colorado Big 12
91%
Big 12 Texas SEC
91%
Big 12 Oklahoma SEC
89%
Pac-12 Stanford ACC
89%
Pac-12 Cal ACC
88%
Pac-12 Oregon State WCC and MW
84%
Pac-12 Washington State WCC and MW
84%
Pac-12 Utah Big 12
83%
American SMU ACC
75%
ASUN Kennesaw State CUSA
50%
Gulf Southern (Division 2) West Georgia ASUN and UA
18%
PSAC(Division 2) Mercyhurst NEC
15%
No matching quizzes found
Score Distribution
Percent of People with Each Score
Percentile by Number Answered
Your Score History
You have not taken this quiz